Agravantes y atenuantes en el derecho tributario (Registro nro. 22432)

Detalles MARC
000 -LEADER
fixed length control field 00409 a2200133 4500
001 - CONTROL NUMBER
control field ART_48690
005 - DATE AND TIME OF LATEST TRANSACTION
control field 20260410161822.0
008 - FIXED-LENGTH DATA ELEMENTS--GENERAL INFORMATION
fixed length control field 260409a
100 1# - MAIN ENTRY--PERSONAL NAME
Personal name Vega, Gerardo E.
245 10 - TITLE STATEMENT
Title Agravantes y atenuantes en el derecho tributario
700 1# - ADDED ENTRY--PERSONAL NAME
Personal name Vega, Juan Manuel
700 1# - ADDED ENTRY--PERSONAL NAME
Personal name Vega, María S.
773 0# - HOST ITEM ENTRY
Title Doctrina Penal Tributaria y Económica
Related parts - N° 51 (mar. 2019)
Record control number REV4317

No hay ítems disponibles.